000 01806aam a2200301 c 4500
001 18613
003 CO-MdFUSB
005 20250609155704.0
008 170714t2006 sp ||||| |||| 00| 0 eng d
020 _a84-7914-044-5
040 _cCO-MdFUSB
_aCO-MdFUSB
_bspa
_dCO-MdFUSBC
_erda
041 _aspa
082 0 4 _aR 229.8 S2373e
100 1 _aSantos Otero, Aurelio de
245 1 0 _aLos evangelios apócrifos
_c/ Aurelio De Santos Otero
250 _aDecima edición
264 1 _aMadrid, España :
_bBiblioteca de Autores Cristianos
_c© 2006
264 4 _c© 2006
300 _aXXVI, 781 páginas
_b:
_c;
336 _2rdacontent
_atexto
_btxt
337 _2rdamedia
_asin mediación
_bn
338 _2rdacarrier
_avolumen
_bnc
501 _aPasta dura
505 _aApócrifos del Nuevo Testamento -- Evangelios apócrifos -- Catálogos de apócrifos neotestamentarios -- Evangelios apócrifos tardíos -- Evangelio de los Hebreos -- Evangelio de los Doce o de los Ebionitas -- Evangelio de los Egipcios -- Evangelio o tradiciones de Matías -- Evangelio de Pedro -- Evangelio de los adversarios de la Ley de los profetas -- Memoria de los Apóstoles -- Tres clases de frutos de vida cristiana -- Evangelio de los cuatro rincones y quicios del mundo -- Evangelio de Apeles -- Nacimiento de María -- Evangelio de Judas Iscariote -- Evangelio de Eva -- Ascensión de Santiago -- Evangelio vivo -- Preguntas de María -- Evangelio de la perfección -- Evangelio de Basílides -- Evangelio de Marción -- Fragmentos papiráceos -- Apócrifos de la Natividad -- Apócrifos de la Infancia -- Apócrifos de la pasión y resurrección -- Apócrifos asuncionistas -- Cartas del Señor -- Apócrifos gnósticos de Nag Hammadi
653 _aEvangelios Apócrifos
942 _cBK
945 _aEstudiante
999 _c45029
_d45029